000 00540nam a2200205Ia 4500
005 20250923150010.0
008 008 250917s9999 xx 000 0 eng d
037 _aTextual
040 _aDSWL
_beng
_cDSWL
041 _aeng
_2eng
084 _aY5, N98
_qDSWL
100 _aThompson, Neil
_9841143
245 0 _aPromoting equality
_c by Neil Thompson
260 _aLondon
_b Macmillan Press
_c1998
300 _a254p.
365 _aGBP
_b12.99
925 _g12.99
942 _cTEXL
_hY5, N98
999 _c1458338
_d1458338